| 000 | 00401 a2200133 4500 | ||
|---|---|---|---|
| 001 | 87632 | ||
| 082 | _aPR 13 | ||
| 090 |
_c41087 _d41087 |
||
| 100 | _aShafaq Naz, Plt Off 15200, 69 (B) EC | ||
| 245 | _aDesign, Testing and fabrication of a mobile phone jammer | ||
| 260 |
_aRisalpur _bCAE PAF Academy Risalpur _c2010 |
||
| 300 |
_aix, 78 p. _eJahangir Khan Kayani Gp Capt |
||
| 500 | _aBE Project Reports | ||
| 942 |
_aCAE NUST _kPR 13 |
||
| 999 |
_c322705 _d322705 |
||